| 000 | 00736nam a2200205Ia 4500 | ||
|---|---|---|---|
| 008 | 130821s1940 cl gr spa | ||
| 040 |
_aCo-BoUCM _bspa |
||
| 041 | 0 | 0 | _aspa |
| 100 | 1 |
_aAlessandri Rodríguez, Arturo _941863 |
|
| 245 | 1 | 3 |
_aLa prelación de créditos Explicaciones de clases _cArturo Alessandri Rodríguez |
| 260 |
_aSantiago de Chile (Chile) _bEditorial Nascimiento _c1940 |
||
| 300 | _a114 páginas | ||
| 504 | _aIncluye índice | ||
| 650 | 0 | 4 |
_aCrédito comercial _xEnseñanza _zChile _912113 |
| 650 | 0 | 4 |
_aDerecho comercial _912717 |
| 650 | 0 | 4 |
_aDerecho comercial _zChile _939425 |
| 650 | 0 | 4 |
_aPrelación de créditos _922194 |
| 942 |
_cLIBRO _a8 _e1 _mA53 _2DEWEY _h346.073 |
||
| 999 |
_c25683 _d25683 |
||